| 000 | 00497nam a2200205Ia 4500 | ||
|---|---|---|---|
| 003 | OSt | ||
| 005 | 20230615094251.0 | ||
| 008 | 210423s1988 xx 000 0 und d | ||
| 020 | _a13978007460068 | ||
| 040 | _cAL | ||
| 041 | _aeng | ||
| 082 |
_a658.404 CHOS _223 |
||
| 100 |
_aCHOUDHURY (S). _9123968 |
||
| 245 | _aProject management. | ||
| 260 |
_aNew Delhi _bTata McGrawhill _c1988 |
||
| 300 |
_axii,244 _bPB |
||
| 365 |
_b250 _cINR |
||
| 906 | _amanagement. ; Project | ||
| 942 |
_2ddc _cBK |
||
| 999 |
_c155293 _d155293 |
||